[Event "2. Offene Bochumer StEM 2011"]
[Site "?"]
[Date "2011.09.22"]
[Round "3.2"]
[White "Mancic, Ivan"]
[Black "Bartel, Mario"]
[Result "0-1"]
[WhiteElo "1976"]
[BlackElo "2057"]
[PlyCount "142"]

1. d4 Nf6 2. c4 g6 3. g3 Bg7 4. Bg2 O-O 5. Nc3 d6 6. Nf3 c6 7. O-O Qa5 8. d5
cxd5 9. cxd5 Bd7 10. h3 Rc8 11. Nd4 Be8 12. Bd2 Qb6 13. Nb3 Nbd7 14. Be3 Qa6
15. Bd4 Nb6 16. Nd2 Rc7 17. e3 Rac8 18. Qf3 Nfd7 19. Rfd1 Ne5 20. Bxe5 Bxe5 21.
Qe4 Bxc3 22. bxc3 Qa4 23. Qxa4 Bxa4 24. Re1 Rxc3 25. e4 Rc2 26. Nf3 Nc4 27. Nd4
Rd2 28. Nb3 Rb2 29. Rec1 Nb6 30. Rxc8+ Nxc8 31. Na5 b6 32. Nb3 Rc2 33. Bf1 e6
34. dxe6 fxe6 35. Nd4 Rc3 36. Nxe6 Kf7 37. Ng5+ Kg7 38. Ne6+ Kf6 39. Nf4 Ke5
40. Bg2 g5 41. Ne2 Rc2 42. f4+ gxf4 43. gxf4+ Kf6 44. Nd4 Rc4 45. Ne2 Ne7 46.
Re1 Nc6 47. Kf2 Rc2 48. Kg3 Rxa2 49. Nd4 Ra3+ 50. Nf3 b5 51. e5+ dxe5 52. fxe5+
Nxe5 53. Re4 Nxf3 54. Bxf3 Bd1 55. Rf4+ Kg7 56. Rg4+ Kh8 57. Rd4 Bxf3 58. Kf2
Bh5 59. Rd5 Ra2+ 60. Ke3 Be2 61. Kf4 Bc4 62. Rd8+ Kg7 63. Rd7+ Bf7 64. Rb7 Ra4+
65. Ke3 b4 66. Kd4 a5 67. h4 b3+ 68. Kc3 Rxh4 69. Kb2 Rh2+ 70. Kb1 a4 71. Rb4
a3 0-1

[Event "2. Offene Bochumer StEM 2011"]
[Site "?"]
[Date "2011.09.22"]
[Round "3.3"]
[White "Pewny, Uwe"]
[Black "Herrmann, Uwe"]
[Result "0-1"]
[WhiteElo "2187"]
[BlackElo "1894"]
[PlyCount "76"]

1. b3 Nf6 2. Bb2 d5 3. e3 Bf5 4. f4 e6 5. Nf3 h6 6. Ne5 Nbd7 7. Bd3 Ne4 8. O-O
Nxe5 9. Bxe5 h5 10. Be2 f6 11. Bb2 g6 12. d3 Nd6 13. Nd2 Qe7 14. Bf3 O-O-O 15.
Qe2 Bh6 16. e4 dxe4 17. dxe4 Bg4 18. Bxg4 hxg4 19. Qxg4 Kb8 20. Qe2 e5 21. g3
exf4 22. gxf4 g5 23. f5 g4 24. Rad1 Bxd2 25. Rxd2 Nxe4 26. Rxd8+ Rxd8 27. Re1
Qc5+ 28. Kh1 Nf2+ 29. Kg2 Nh3 30. Rf1 Qc6+ 31. Kg3 Re8 32. Qd3 Ng5 33. Re1 Rh8
34. Kxg4 Rg8 35. Qc4 Qg2+ 36. Kh5 Ne6 37. Bxf6 Rh8+ 38. Bxh8 Qg5# 0-1

[Event "2. Offene Bochumer StEM 2011"]
[Site "?"]
[Date "2011.09.22"]
[Round "3.4"]
[White "Domnik, Roland"]
[Black "Quast, Marcel"]
[Result "0-1"]
[WhiteElo "1697"]
[BlackElo "2142"]
[PlyCount "50"]

1. d4 f5 2. c4 Nf6 3. Nc3 d6 4. Nf3 g6 5. e3 Bg7 6. Bd3 O-O 7. O-O c6 8. b3
Nbd7 9. Bb2 e5 10. dxe5 dxe5 11. Bc2 e4 12. Nd4 Ne5 13. Nde2 Be6 14. Qxd8 Rfxd8
15. Rad1 Nfd7 16. Rd2 Nc5 17. Rfd1 Rxd2 18. Rxd2 a5 19. a4 Ned3 20. Ba3 Bf7 21.
Nd1 Bf8 22. Bxc5 Nxc5 23. Ng3 Bg7 24. Kf1 Kf8 25. Ke2 Ra6 0-1

[Event "2. Offene Bochumer StEM 2011"]
[Site "?"]
[Date "2011.09.22"]
[Round "3.6"]
[White "Goralski, Christian"]
[Black "Meise, Ulrich"]
[Result "1-0"]
[WhiteElo "2074"]
[BlackElo "1890"]
[PlyCount "69"]

1. e4 c5 2. c3 e5 3. Nf3 Nc6 4. d4 cxd4 5. cxd4 exd4 6. Bc4 Bb4+ 7. Bd2 Qa5 8.
O-O Nge7 9. Nxd4 Bxd2 10. Nb3 Qb4 11. N1xd2 Ne5 12. Be2 O-O 13. f4 N5g6 14. Nc4
Nc6 15. a3 Qe7 16. Nd6 b6 17. Bc4 Rb8 18. e5 Bb7 19. Nf5 Qd8 20. Qh5 Na5 21.
Nxa5 bxa5 22. Rad1 Qb6+ 23. Rf2 Rbc8 24. Nd6 Rc7 25. Qf5 Nh8 26. Bd3 g6 27. Qf6
Qe3 28. Bc4 Qb6 29. f5 gxf5 30. Rd3 Be4 31. Rg3+ Ng6 32. h4 Rxc4 33. Nxc4 Qxf6
34. exf6 Kh8 35. h5 1-0

[Event "2. Offene Bochumer StEM 2011"]
[Site "?"]
[Date "2011.09.22"]
[Round "3.7"]
[White "Schmidt, Ralph"]
[Black "Melmer, Felix"]
[Result "0-1"]
[WhiteElo "1923"]
[BlackElo "1907"]
[PlyCount "56"]

1. e4 c5 2. Nf3 Nc6 3. d4 cxd4 4. Nxd4 g6 5. Be3 Nf6 6. Nd2 Bg7 7. c3 O-O 8. f3
d5 9. Bd3 Ne5 10. Bc2 Qb6 11. Rb1 Qa6 12. a3 dxe4 13. Nxe4 Nd5 14. Bc1 Rd8 15.
Qe2 Qb6 16. Qf2 f5 17. Ng3 Nc4 18. Bd3 Na5 19. Be2 Nxc3 20. Ne6 Qxe6 21. bxc3
Bxc3+ 22. Kf1 b6 23. h4 Ba6 24. Bf4 Nc4 25. Rc1 Nd2+ 26. Bxd2 Rxd2 27. h5 Rad8
28. Qe1 Rxe2 0-1

[Event "2. Offene Bochumer StEM 2011"]
[Site "?"]
[Date "2011.09.22"]
[Round "3.8"]
[White "Klüting, Reiner"]
[Black "Jedner, Volker"]
[Result "1/2-1/2"]
[WhiteElo "1939"]
[BlackElo "1793"]
[PlyCount "53"]

1. e4 d6 2. d4 Nf6 3. Nc3 g6 4. Bg5 Bg7 5. e5 dxe5 6. dxe5 Nfd7 7. e6 fxe6 8.
Bc4 O-O 9. Bxe6+ Kh8 10. Nge2 Nc6 11. O-O Nf6 12. Bb3 Qe8 13. Nb5 Qd7 14. Qxd7
Bxd7 15. Nxc7 Rac8 16. Ne6 Bxe6 17. Bxe6 Rcd8 18. c3 Ne4 19. Be3 Rf6 20. Bb3
Nd2 21. Rfd1 Rfd6 22. Bc2 Nc4 23. Rxd6 Rxd6 24. Rd1 Rxd1+ 25. Bxd1 Nxe3 26.
fxe3 Kg8 27. Nd4 1/2-1/2

[Event "2. Offene Bochumer StEM 2011"]
[Site "?"]
[Date "2011.09.22"]
[Round "3.9"]
[White "Berens, Thomas"]
[Black "Sondermann, Dirk"]
[Result "0-1"]
[WhiteElo "1891"]
[BlackElo "1788"]
[PlyCount "84"]

1. d4 Nf6 2. Nf3 d5 3. e3 c6 4. Bd3 Bg4 5. h3 Bh5 6. O-O e6 7. Nbd2 Nbd7 8. b3
Bb4 9. Bb2 Bxd2 10. Qxd2 Bxf3 11. gxf3 O-O 12. Qe2 Nh5 13. f4 g6 14. Qg4 f5 15.
Qg5 Qxg5+ 16. fxg5 Rfe8 17. c4 Rac8 18. b4 a6 19. a4 e5 20. cxd5 cxd5 21. b5 e4
22. Be2 Rc2 23. Bxh5 gxh5 24. Ba3 a5 25. Rfc1 Rec8 26. Bc5 Rxc1+ 27. Rxc1 Nb6
28. Ra1 Nc4 29. Kg2 Kf7 30. Kg3 b6 31. Ba3 Kg6 32. Be7 Nb2 33. Kf4 Nd3+ 34. Kg3
Rc2 35. Bd8 Rxf2 36. Bxb6 Rf3+ 37. Kh2 Rxe3 38. Bxa5 f4 39. b6 Re2+ 40. Kg1 f3
41. Bc3 Rg2+ 42. Kh1 Nf2# 0-1

[Event "2. Offene Bochumer StEM 2011"]
[Site "?"]
[Date "2011.09.22"]
[Round "3.10"]
[White "Gawlick, Joachim"]
[Black "Kempken, Reinhold"]
[Result "1-0"]
[WhiteElo "1865"]
[BlackElo "1585"]
[PlyCount "47"]

1. d4 d5 2. Nf3 c5 3. c3 Bf5 4. g3 Nc6 5. Bg2 Nf6 6. O-O Rc8 7. dxc5 e5 8. b4
Bxb1 9. Rxb1 Ne4 10. Qc2 Qc7 11. a3 Be7 12. c4 Nf6 13. cxd5 Nxd5 14. Bb2 Bf6
15. Qe4 Nce7 16. Nxe5 O-O 17. Nc4 Bxb2 18. Rxb2 Nc3 19. Qxb7 Qxb7 20. Bxb7 Rc7
21. Bf3 Nf5 22. Rd2 Re8 23. Nd6 Nxd6 24. cxd6 1-0

[Event "2. Offene Bochumer StEM 2011"]
[Site "?"]
[Date "2011.09.22"]
[Round "3.11"]
[White "Tuscher, Albin"]
[Black "Maczkowiak, Thomas"]
[Result "1-0"]
[WhiteElo "1673"]
[BlackElo "1835"]
[PlyCount "129"]

1. e4 c6 2. d4 d5 3. exd5 cxd5 4. Bd3 Nc6 5. Nf3 Bg4 6. Be3 e6 7. Nbd2 Nf6 8.
O-O Bd6 9. h3 Bh5 10. c3 O-O 11. Qc2 Rc8 12. a3 Re8 13. Rac1 e5 14. dxe5 Nxe5
15. Nxe5 Bxe5 16. Nb3 a6 17. Nd4 Ne4 18. Rfe1 Bg6 19. Qd1 f5 20. Nf3 Bh5 21.
Be2 Bf6 22. Bd4 Bf7 23. Bxf6 Qxf6 24. Qd4 Qxd4 25. Nxd4 g6 26. Rcd1 Kg7 27. Bd3
Nc5 28. Rxe8 Rxe8 29. Bc2 Kf6 30. Kf1 Re7 31. Re1 Rxe1+ 32. Kxe1 Ne6 33. Ne2
Ke5 34. Kd2 Nf4 35. Nxf4 Kxf4 36. Kd3 Ke5 37. Bb3 b6 38. Bd1 g5 39. Be2 Be8 40.
Kd2 a5 41. Bd3 h5 42. Be2 h4 43. Ke3 Bd7 44. f3 Ba4 45. Bd3 Bb3 46. Bb1 b5 47.
Bd3 Bc4 48. Bc2 a4 49. Bb1 f4+ 50. Kf2 d4 51. Ke1 Kd5 52. Be4+ Kc5 53. Bb1 dxc3
54. bxc3 b4 55. cxb4+ Kd4 56. Kd2 Bf1 57. Bf5 Bb5 58. Bc2 Bf1 59. Bf5 Bb5 60.
Be6 Bf1 61. Bd7 Bxg2 62. Ke2 Kc4 63. Kf2 Bh1 64. Bxa4 Kd5 65. Bd1 1-0

[Event "2. Offene Bochumer StEM 2011"]
[Site "?"]
[Date "2011.09.22"]
[Round "3.12"]
[White "Bautz, Volker"]
[Black "Ishar, Bing"]
[Result "1-0"]
[WhiteElo "1826"]
[BlackElo "1474"]
[PlyCount "59"]

1. d4 d5 2. Nc3 Nf6 3. Bg5 e6 4. e4 Be7 5. e5 Nfd7 6. h4 a6 7. Nf3 c5 8. dxc5
Nxc5 9. Bd3 Nc6 10. a3 Qc7 11. Qe2 b5 12. Bf4 Bb7 13. Rh3 b4 14. axb4 Nxd3+ 15.
cxd3 Bxb4 16. Kf1 a5 17. Kg1 Ba6 18. Rg3 g6 19. Rc1 Qd7 20. Bg5 Be7 21. Na4 Ra7
22. Nc5 Bxc5 23. Rxc5 Nb4 24. Ne1 Qa4 25. Bf6 Rg8 26. Qd2 Nc6 27. Qc3 Kd7 28.
b3 d4 29. Qc1 Qxb3 30. Rxc6 1-0

[Event "2. Offene Bochumer StEM 2011"]
[Site "?"]
[Date "2011.09.22"]
[Round "3.13"]
[White "Böcker, Marcus"]
[Black "Ulrich, Robin"]
[Result "0-1"]
[WhiteElo "1256"]
[BlackElo "1532"]
[PlyCount "98"]

1. e4 e5 2. f4 Nc6 3. Nf3 Nf6 4. Nc3 Bb4 5. Bc4 Bxc3 6. dxc3 Qe7 7. Qd3 d6 8.
f5 Bd7 9. Ng5 h6 10. Nxf7 Rf8 11. O-O Rxf7 12. Bxf7+ Qxf7 13. Qf3 O-O-O 14. Be3
Rf8 15. g4 Qc4 16. Rfe1 Qxe4 17. Qxe4 Nxe4 18. Rf1 Nf6 19. h3 Nd5 20. Rae1 Nxe3
21. Rxe3 Ne7 22. c4 Bc6 23. b4 b6 24. Ra3 Kb8 25. Re1 g6 26. c5 gxf5 27. gxf5
Nxf5 28. Rf1 Rg8+ 29. Kf2 Rg2+ 30. Ke1 Nd4 31. Rf8+ Kb7 32. Rc3 Nxc2+ 33. Kd1
Nxb4 34. cxd6 Ba4+ 35. Ke1 cxd6 36. Rf7+ Ka6 37. Rcc7 Rxa2 38. Rxa7+ Kb5 39.
Rf6 Ra1+ 40. Kf2 Ra2+ 41. Kg3 Kc5 42. Rxh6 e4 43. Rc7+ Kd5 44. Rb7 e3 45. Rxb6
Nc6 46. Rh5+ Ne5 47. Rb1 e2 48. Re1 Kd4 49. Kf2 Nd3+ 0-1

[Event "2. Offene Bochumer StEM 2011"]
[Site "?"]
[Date "2011.09.22"]
[Round "3.14"]
[White "Budszuhn, Timo"]
[Black "Stein, Daniel"]
[Result "1-0"]
[WhiteElo "1938"]
[BlackElo "1568"]
[PlyCount "47"]

1. e4 e6 2. d4 d5 3. Nc3 Bb4 4. e5 Ne7 5. f4 c5 6. a3 Bxc3+ 7. bxc3 Bd7 8. Nf3
Ba4 9. g4 Nbc6 10. Rb1 cxd4 11. cxd4 Qc7 12. Bd3 f6 13. exf6 gxf6 14. Qe2 Kf7
15. O-O Rae8 16. Ng5+ fxg5 17. fxg5+ Nf5 18. gxf5 exf5 19. Qh5+ Ke7 20. Bf4 Qc8
21. Bxf5 Qa8 22. Rfe1+ Kd8 23. Qf7 Ne7 24. Bd6 1-0

[Event "2. Offene Bochumer StEM 2011"]
[Site "?"]
[Date "2011.09.22"]
[Round "3.15"]
[White "Schüler, Bernd"]
[Black "Kümmel, Hans-Jürgen"]
[Result "1-0"]
[WhiteElo "1476"]
[BlackElo "1338"]
[PlyCount "51"]

1. e4 c5 2. Nc3 d6 3. Bb5+ Bd7 4. Bxd7+ Qxd7 5. Nf3 Nc6 6. O-O Nf6 7. d3 e6 8.
Bg5 Be7 9. h3 O-O 10. Qd2 Nd4 11. Nxd4 cxd4 12. Bxf6 dxc3 13. Bxc3 Rac8 14. f4
d5 15. exd5 Qxd5 16. Qe2 Bc5+ 17. Kh1 Bd4 18. Bxd4 Qxd4 19. c3 Qd7 20. d4 g6
21. Rfe1 b6 22. Qe5 Qc6 23. h4 h5 24. Qf6 Kh7 25. Re5 Kh6 26. Rxh5+ 1-0

[Event "2. Offene Bochumer StEM 2011"]
[Site "?"]
[Date "2011.09.22"]
[Round "3.16"]
[White "Picker, Andre"]
[Black "Säglitz, Patrick"]
[Result "0-1"]
[WhiteElo "1416"]
[BlackElo "1302"]
[PlyCount "62"]

1. c4 Nf6 2. g3 g6 3. Bg2 Bg7 4. e4 d6 5. Ne2 e5 6. Nbc3 O-O 7. d3 c6 8. Bg5
Be6 9. Qd2 Nbd7 10. O-O Qc7 11. f4 Qb6+ 12. Kh1 Ng4 13. Nd1 f5 14. h3 Ngf6 15.
Bxf6 Nxf6 16. exf5 gxf5 17. fxe5 dxe5 18. Ne3 Bh6 19. d4 exd4 20. Qxd4 Bxe3 21.
Qe5 Bxc4 22. Rxf5 Bxe2 23. Qe6+ Kg7 24. Rxf6 Rxf6 25. Qe7+ Rf7 26. Qe5+ Kg8 27.
Re1 Qd4 28. Qe6 Qd2 29. Rb1 Bd1 30. Kh2 Qe1 31. Rxd1 Bg1+ 0-1

[Event "2. Offene Bochumer StEM 2011"]
[Site "?"]
[Date "2011.09.29"]
[Round "4.1"]
[White "Bartel, Mario"]
[Black "Goralski, Christian"]
[Result "1/2-1/2"]
[WhiteElo "2057"]
[BlackElo "2074"]
[PlyCount "85"]

1. e4 d5 2. exd5 Nf6 3. d4 Bg4 4. Bb5+ c6 5. dxc6 Nxc6 6. Nf3 Qc7 7. O-O O-O-O
8. c3 e5 9. h3 Bxf3 10. Qxf3 exd4 11. Bxc6 Qxc6 12. Qxc6+ bxc6 13. cxd4 Rxd4
14. b3 Bb4 15. a3 Ba5 16. b4 Bb6 17. Bb2 Rd3 18. Bxf6 gxf6 19. Ra2 Rhd8 20. Rc2
Kb7 21. Rfc1 Rd1+ 22. Kh2 Rxc1 23. Rxc1 Bxf2 24. Nc3 f5 25. Rc2 Be3 26. g3 Rd2+
27. Rxd2 Bxd2 28. Ne2 Be3 29. Kg2 a5 30. Kf3 Ba7 31. Kf4 axb4 32. axb4 Ka6 33.
Kxf5 Kb5 34. g4 Kxb4 35. h4 Kc4 36. g5 Kd3 37. Nf4+ Ke3 38. Ng2+ Kf3 39. Nf4
Be3 40. Nd3 Bd4 41. h5 c5 42. Nxc5 Bxc5 43. g6 1/2-1/2

[Event "2. Offene Bochumer StEM 2011"]
[Site "?"]
[Date "2011.09.29"]
[Round "4.2"]
[White "Quast, Marcel"]
[Black "Winterkamp, Sascha"]
[Result "1/2-1/2"]
[WhiteElo "2142"]
[BlackElo "1942"]
[PlyCount "28"]

1. e4 c5 2. d4 cxd4 3. c3 dxc3 4. Nxc3 Nc6 5. Nf3 e6 6. Bc4 a6 7. O-O Nge7 8.
Bg5 f6 9. Be3 b5 10. Bb3 Bb7 11. Re1 Na5 12. Nd4 Nxb3 13. Qxb3 Nc6 14. Nxc6
Bxc6 1/2-1/2

[Event "2. Offene Bochumer StEM 2011"]
[Site "?"]
[Date "2011.09.29"]
[Round "4.3"]
[White "Herrmann, Uwe"]
[Black "Müller, Falk"]
[Result "0-1"]
[WhiteElo "1894"]
[BlackElo "2016"]
[PlyCount "102"]

1. d4 e6 2. c4 f5 3. Nc3 Nf6 4. Nf3 Be7 5. Qc2 Nc6 6. e3 O-O 7. a3 d5 8. b4 a5
9. b5 Nb8 10. c5 Ne4 11. Nd1 c6 12. b6 g5 13. Nb2 Bd7 14. Nd3 Be8 15. Nfe5 Nd7
16. f3 Nef6 17. Be2 Nxe5 18. Nxe5 Nd7 19. Nxd7 Qxd7 20. g3 Bg6 21. Bd3 Bf6 22.
f4 gxf4 23. gxf4 Bh4+ 24. Kd2 Bh5 25. Bb2 Kh8 26. Raf1 Rg8 27. Rhg1 Qf7 28. Qc1
Bg4 29. Bc3 Qh5 30. Rg2 a4 31. Rfg1 Rg6 32. Kc2 Rag8 33. Kb2 Be2 34. Rxg6 Rxg6
35. Rxg6 hxg6 36. Bc2 Bb5 37. Qd1 Qxd1 38. Bxd1 g5 39. fxg5 Bxg5 40. Bd2 Kg7
41. Kc3 Kf6 42. Kb4 e5 43. dxe5+ Kxe5 44. Bc2 f4 45. Bc3+ Ke6 46. exf4 Bxf4 47.
h4 Be3 48. Bd1 d4 49. Bg4+ Ke5 50. Be1 d3 51. Bg3+ Kd4 0-1

[Event "2. Offene Bochumer StEM 2011"]
[Site "?"]
[Date "2011.09.29"]
[Round "4.4"]
[White "Jellinghaus, Lars"]
[Black "Mancic, Ivan"]
[Result "0-1"]
[WhiteElo "2084"]
[BlackElo "1976"]
[PlyCount "58"]

1. d4 e6 2. Nf3 d5 3. c4 c6 4. Bg5 Nf6 5. cxd5 exd5 6. Qc2 g6 7. e3 Bf5 8. Qb3
Nbd7 9. Bxf6 Qxf6 10. Nbd2 Rb8 11. Bd3 Bd6 12. O-O O-O 13. Rfc1 Rfe8 14. Rab1
Be4 15. Ne1 Qh4 16. Nf1 Nf6 17. f3 Bxd3 18. Qxd3 Re7 19. b4 Rbe8 20. Nc2 Nd7
21. g3 Qh5 22. Kg2 a6 23. Ne1 Nb6 24. Qb3 Nc4 25. e4 b5 26. e5 Bxe5 27. dxe5
Rxe5 28. Kg1 Re2 29. Ng2 Rxg2+ 0-1

[Event "2. Offene Bochumer StEM 2011"]
[Site "?"]
[Date "2011.09.29"]
[Round "4.5"]
[White "Melmer, Felix"]
[Black "Bautz, Volker"]
[Result "1-0"]
[WhiteElo "1907"]
[BlackElo "1826"]
[PlyCount "73"]

1. f4 Nf6 2. Nf3 g6 3. d3 d5 4. g3 Bg7 5. Bg2 O-O 6. O-O c5 7. c3 Nc6 8. Na3
Bg4 9. h3 Bd7 10. Nh4 e5 11. f5 Nh5 12. Qe1 g5 13. Nf3 Bf6 14. e4 d4 15. cxd4
cxd4 16. Nh2 Be7 17. Bf3 Ng7 18. Nc2 f6 19. h4 Be8 20. hxg5 fxg5 21. b4 Rc8 22.
Bd2 h5 23. g4 Bf6 24. a4 Nb8 25. Qb1 a6 26. Rc1 hxg4 27. Nxg4 Nh5 28. Kf2 Nd7
29. Qb3+ Kg7 30. Qd5 b5 31. axb5 axb5 32. Ra7 Nf4 33. Bxf4 gxf4 34. Nxf6 Rxf6
35. Rg1+ Kh7 36. Qg8+ Kh6 37. Qh8# 1-0

[Event "2. Offene Bochumer StEM 2011"]
[Site "?"]
[Date "2011.09.29"]
[Round "4.6"]
[White "Sondermann, Dirk"]
[Black "Gawlick, Joachim"]
[Result "1/2-1/2"]
[WhiteElo "1788"]
[BlackElo "1865"]
[PlyCount "117"]

1. d4 d5 2. c4 e6 3. Nc3 Nf6 4. cxd5 exd5 5. Bg5 Be7 6. e3 O-O 7. Bd3 Nbd7 8.
Qc2 h6 9. Bh4 Re8 10. Nge2 a6 11. O-O b5 12. f3 Bb7 13. Bf2 c5 14. Ng3 c4 15.
Bf5 b4 16. Nce2 Nb6 17. Rfe1 Bd6 18. e4 Bxg3 19. Nxg3 g6 20. e5 gxf5 21. Nxf5
Nh7 22. Nxh6+ Kg7 23. Nxf7 Qe7 24. Nd6 Rf8 25. Nf5+ Rxf5 26. Qxf5 Rf8 27. Qg4+
Kf7 28. Bh4 Qe6 29. Qxe6+ Kxe6 30. Bf2 Na4 31. Rab1 Bc6 32. Be3 Be8 33. b3 Nc3
34. bxc4 Nxb1 35. cxd5+ Kxd5 36. Rxb1 a5 37. Rc1 a4 38. Rc5+ Ke6 39. Bc1 Rf7
40. Bb2 Rd7 41. f4 Kf5 42. d5 Kxf4 43. Rc4+ Ke3 44. d6 a3 45. Bc1+ Ke2 46. Rxb4
Nf8 47. Bxa3 Rf7 48. Rb2+ Ke3 49. Bc5+ Kd3 50. Rf2 Ke4 51. Re2+ Kd5 52. Bf2 Ne6
53. Bg3 Ng5 54. Rd2+ Ke6 55. Rf2 Rxf2 56. Bxf2 Kxe5 57. Bg3+ Kf5 58. Bh4 Ne4
59. Be7 1/2-1/2

[Event "2. Offene Bochumer StEM 2011"]
[Site "?"]
[Date "2011.09.29"]
[Round "4.7"]
[White "Schmidt, Ralph"]
[Black "Tuscher, Albin"]
[Result "1-0"]
[WhiteElo "1923"]
[BlackElo "1673"]
[PlyCount "37"]

1. e4 e6 2. Nc3 c5 3. Nf3 Nc6 4. Bb5 a6 5. Bxc6 dxc6 6. d3 Nf6 7. h3 Be7 8. Be3
O-O 9. O-O b5 10. Ne5 Qc7 11. Ng4 e5 12. Nxf6+ gxf6 13. Bh6 Rd8 14. f4 Bf8 15.
Qh5 Bxh6 16. Qxh6 Rd6 17. f5 Bxf5 18. Rxf5 Qe7 19. Rh5 1-0

[Event "2. Offene Bochumer StEM 2011"]
[Site "?"]
[Date "2011.09.29"]
[Round "4.8"]
[White "Jedner, Volker"]
[Black "Pewny, Uwe"]
[Result "0-1"]
[WhiteElo "1793"]
[BlackElo "2187"]
[PlyCount "58"]

1. d4 g6 2. Nf3 Bg7 3. e4 d6 4. Bc4 Nf6 5. Qe2 c6 6. e5 dxe5 7. dxe5 Nd5 8. O-O
Qc7 9. Rd1 Be6 10. Ng5 Qxe5 11. Qxe5 Bxe5 12. Nxe6 fxe6 13. Re1 Nd7 14. c3 Bd6
15. Nd2 Ne5 16. Bf1 O-O 17. Nc4 Nxc4 18. Bxc4 Bc5 19. Re2 Rxf2 20. Rxf2 Rf8 21.
Bg5 Rxf2 22. Kh1 Rxb2 23. Re1 Kf7 24. h3 a5 25. Rf1+ Rf2 26. Rb1 b5 27. Bd3
Nxc3 28. Rc1 Bd4 29. Be3 Nxa2 0-1

[Event "2. Offene Bochumer StEM 2011"]
[Site "?"]
[Date "2011.09.29"]
[Round "4.9"]
[White "Domnik, Roland"]
[Black "Klüting, Reiner"]
[Result "0-1"]
[WhiteElo "1697"]
[BlackElo "1939"]
[PlyCount "44"]

1. d4 Nf6 2. c4 e5 3. dxe5 Ne4 4. Nf3 d6 5. exd6 Bxd6 6. Nbd2 Bf5 7. e3 Nc6 8.
a3 Qe7 9. Be2 O-O-O 10. Nxe4 Bxe4 11. Qa4 Kb8 12. O-O g5 13. g3 f5 14. Nd2 f4
15. Nxe4 Qxe4 16. Bh5 f3 17. h3 Ne5 18. b3 Qf5 19. g4 Nxg4 20. Bb2 Ne5 21. Bxe5
Qxe5 22. Rfc1 Qh2+ 0-1

[Event "2. Offene Bochumer StEM 2011"]
[Site "?"]
[Date "2011.09.29"]
[Round "4.10"]
[White "Ulrich, Robin"]
[Black "Meise, Ulrich"]
[Result "0-1"]
[WhiteElo "1532"]
[BlackElo "1890"]
[PlyCount "78"]

1. e4 e5 2. Nf3 Nf6 3. Nxe5 d6 4. Nf3 Nxe4 5. d4 Be7 6. Bd3 Nf6 7. O-O Bg4 8.
h3 Bh5 9. Re1 O-O 10. Bg5 Nbd7 11. Bxh7+ Kxh7 12. Nc3 Re8 13. Re3 Kg8 14. Qd2
Nh7 15. Bxe7 Rxe7 16. Rxe7 Qxe7 17. Re1 Qd8 18. Nd5 c6 19. Ne7+ Kf8 20. g4 Bg6
21. h4 d5 22. Qb4 c5 23. dxc5 Be4 24. c6 Qxe7 25. Qxe7+ Kxe7 26. cxd7 Kxd7 27.
Nd4 Nf8 28. c4 Ne6 29. Nxe6 fxe6 30. cxd5 exd5 31. f4 Rc8 32. Re2 Ke6 33. Kf2
Rc2 34. h5 d4 35. Rxc2 Bxc2 36. f5+ Bxf5 37. gxf5+ Kxf5 38. a4 Ke4 39. b4 Kd3
0-1

[Event "2. Offene Bochumer StEM 2011"]
[Site "?"]
[Date "2011.09.29"]
[Round "4.11"]
[White "Berens, Thomas"]
[Black "Kiese, Matthias"]
[Result "1/2-1/2"]
[WhiteElo "1891"]
[BlackElo "2104"]
[PlyCount "46"]

1. d4 d5 2. Nf3 Nf6 3. e3 e6 4. Bd3 c5 5. c3 Nc6 6. Nbd2 Bd6 7. O-O O-O 8. dxc5
Bxc5 9. e4 e5 10. exd5 Qxd5 11. Qe2 Bg4 12. Ne4 Nxe4 13. Qxe4 Qxe4 14. Bxe4
Rfe8 15. Be3 Bxe3 16. fxe3 Rad8 17. Rad1 f6 18. Kf2 Be6 19. b3 g6 20. Ke2 Kg7
21. Rxd8 Rxd8 22. Rd1 Rxd1 23. Kxd1 Kf7 1/2-1/2

[Event "2. Offene Bochumer StEM 2011"]
[Site "?"]
[Date "2011.09.29"]
[Round "4.12"]
[White "Säglitz, Patrick"]
[Black "Budszuhn, Timo"]
[Result "0-1"]
[WhiteElo "1302"]
[BlackElo "1938"]
[PlyCount "38"]

1. e4 e5 2. Nf3 Nc6 3. d4 exd4 4. Nxd4 Bc5 5. Nb3 Bb6 6. Nc3 d6 7. Nd5 Be6 8.
Nxb6 axb6 9. Nd4 Qh4 10. Qd3 Nf6 11. Nb5 O-O 12. Nc3 Nb4 13. Qe2 Nxa2 14. Nxa2
Bxa2 15. g3 Qxe4 16. Qxe4 Nxe4 17. b3 Bxb3 18. Rxa8 Rxa8 19. cxb3 Ra1 0-1

[Event "2. Offene Bochumer StEM 2011"]
[Site "?"]
[Date "2011.09.29"]
[Round "4.13"]
[White "Maczkowiak, Thomas"]
[Black "Kempken, Reinhold"]
[Result "1-0"]
[WhiteElo "1835"]
[BlackElo "1585"]
[PlyCount "111"]

1. Nf3 d5 2. g3 c5 3. Bg2 Nc6 4. d4 cxd4 5. Nxd4 e5 6. Nxc6 bxc6 7. O-O Bb7 8.
c4 Ne7 9. Nc3 d4 10. Ne4 Ng6 11. e3 f5 12. Qb3 Rb8 13. Nd2 d3 14. c5 e4 15.
Qe6+ Ne7 16. Nc4 Qd5 17. Nd6+ Kd8 18. Nf7+ Ke8 19. Qxd5 cxd5 20. Nxh8 g6 21.
Bd2 Bg7 22. Nxg6 hxg6 23. Rab1 Ba6 24. b3 Nc6 25. a3 d4 26. Rfc1 dxe3 27. fxe3
Kd7 28. g4 Ke6 29. Rf1 Ne5 30. gxf5+ gxf5 31. h3 Rc8 32. Rfc1 Bf6 33. Bc3 Bg5
34. Bd2 Kd5 35. Rf1 Ke6 36. Rbc1 Nc6 37. Rb1 Nd4 38. b4 Ne2+ 39. Kh2 Bb5 40. a4
Bxa4 41. Ra1 Bb5 42. Rxa7 Bf6 43. Rb1 Be5+ 44. Kh1 Ng3+ 45. Kg1 Ne2+ 46. Kf1
Nc3 47. Re1 Ne2 48. Rb7 Bc4 49. Rb1 Nc3 50. Ra1 Na2 51. Rb1 Bc3 52. Rb6+ Kd7
53. Rd6+ Ke7 54. Bxc3 Nxc3 55. Ra1 d2+ 56. Kf2 {Zeitüberschreitung} 1-0

[Event "2. Offene Bochumer StEM 2011"]
[Site "?"]
[Date "2011.09.29"]
[Round "4.14"]
[White "Ishar, Bing"]
[Black "Schüler, Bernd"]
[Result "1-0"]
[WhiteElo "1474"]
[BlackElo "1476"]
[PlyCount "87"]

1. d4 e5 2. dxe5 Nc6 3. Nf3 Qe7 4. Nc3 Nxe5 5. Nxe5 Qxe5 6. g3 c6 7. Bg2 Nf6 8.
Bf4 Qa5 9. O-O d5 10. a3 Qd8 11. Re1 d4 12. Ne4 Be7 13. Be5 O-O 14. Qxd4 Qxd4
15. Bxd4 Nxe4 16. Bxe4 f5 17. Bd3 f4 18. b4 a5 19. c3 Bh3 20. Be4 Bd6 21. Bb6
axb4 22. axb4 fxg3 23. hxg3 h5 24. Bg2 Bg4 25. Rxa8 Rxa8 26. e4 Be7 27. Bd4 Be6
28. Kh2 h4 29. gxh4 Bxh4 30. Rg1 Bg5 31. Bf1 Bh6 32. Kg3 Ra3 33. f4 Bf7 34. Bh3
Ra2 35. Bc8 b5 36. Bd7 Ra6 37. e5 Bg6 38. f5 Bh5 39. Kh4 Bf3 40. e6 Ra2 41. e7
g5+ 42. fxg6 Rh2+ 43. Kg3 Bf4+ 44. Kxf3 1-0

[Event "2. Offene Bochumer StEM 2011"]
[Site "?"]
[Date "2011.09.29"]
[Round "4.15"]
[White "Stein, Daniel"]
[Black "Schulz, Wolfgang"]
[Result "1-0"]
[WhiteElo "1568"]
[BlackElo "1000"]
[PlyCount "69"]

1. d4 Nf6 2. Bg5 d5 3. c4 Bd7 4. Bxf6 exf6 5. cxd5 Bb4+ 6. Nc3 a6 7. e4 O-O 8.
Bd3 c6 9. dxc6 Bxc6 10. Nge2 Qc8 11. Ng3 Re8 12. O-O b5 13. Rc1 Qd7 14. d5 Bb7
15. a3 Bc5 16. Nxb5 axb5 17. Rxc5 Ra5 18. Qd2 Na6 19. Qxa5 Nxc5 20. Bxb5 Ra8
21. Qxa8+ Bxa8 22. Bxd7 Nxd7 23. Rc1 Nb6 24. a4 Bb7 25. a5 Na4 26. Rc7 Ba6 27.
Ra7 g6 28. Rxa6 Kf8 29. d6 Ke8 30. b3 Nc5 31. Rb6 Kd7 32. a6 Ke6 33. a7 Nd7 34.
a8=Q Nxb6 35. Qc6 1-0

[Event "2. Offene Bochumer StEM 2011"]
[Site "?"]
[Date "2011.09.29"]
[Round "4.16"]
[White "Kümmel, Hans-Jürgen"]
[Black "Böcker, Marcus"]
[Result "0-1"]
[WhiteElo "1338"]
[BlackElo "1256"]
[PlyCount "70"]

1. d4 Nf6 2. c4 e6 3. Nf3 Bb4+ 4. Nc3 c5 5. Bd2 Qb6 6. e3 Bxc3 7. Bxc3 Ne4 8.
Qc2 Nxc3 9. dxc5 Qa5 10. bxc3 Qxc5 11. Rd1 Nc6 12. Be2 O-O 13. O-O a6 14. Qe4
g6 15. Qh4 f6 16. Qg3 Ne7 17. Nd4 Qg5 18. Qd6 f5 19. Bf3 Nc6 20. Rb1 Nd8 21.
Qc7 Nc6 22. Rb2 Qd8 23. Qd6 Rf6 24. Nxc6 bxc6 25. Bxc6 e5 26. Qd5+ Re6 27. Bxa8
Kg7 28. Rd1 Re7 29. Bc6 Qc7 30. Ba4 f4 31. exf4 exf4 32. Qd6 Qxd6 33. Kf1 Qa3
34. Rb4 Qxc3 35. Rb6 Qxc4+ 0-1

[Event "2. Offene Bochumer StEM 2011"]
[Site "?"]
[Date "2011.10.06"]
[Round "5.1"]
[White "Müller, Falk"]
[Black "Bartel, Mario"]
[Result "0-1"]
[WhiteElo "2016"]
[BlackElo "2057"]
[PlyCount "48"]

1. e4 e5 2. Nf3 Nc6 3. Bc4 Nf6 4. Ng5 d5 5. exd5 Na5 6. Bb5+ c6 7. dxc6 bxc6 8.
Qf3 Rb8 9. Ba4 Be7 10. d3 Bg4 11. Qe3 Nd5 12. Qxe5 f6 13. Qg3 fxg5 14. c4 Bb4+
15. Kf1 Nf6 16. Bxg5 O-O 17. Nc3 Bd6 18. Qh4 Rxb2 19. Bxf6 Rxf6 20. Qxg4 Rbxf2+
21. Ke1 Bb4 22. Rc1 Qxd3 23. Qc8+ Rf8 24. Qe6+ Kh8 0-1